Datum a čas kvízu
37.5
Celkem bodů
Celkový počet nahraných bodů na tomto kvízu bez doplňovacích otázek.
2.
Pořadí na kvízu
Konečné umístění týmu na tomto kvízu.
Zaznamenané odpovědi
| # | Otázka | Odpověď | Body | Výsledky |
|---|---|---|---|---|
| 31. | Jak se nazývá disciplína, kter... | běh na 1 500 m | 1 | |
| 32. | První "velké" zlato bylo získá... | k Barboře Špotákové | 1 | |
| 33. | Jak se nazývá země, ze které... | Keňa | 1 | |
| 34. | Jak se jmenoval legendární běž... | C | 1 | |
| 35. | Kolik sprinterů standardně sta... | 8 sprinterů | 1 | |
| 11. | Váš úkol bude ve všech pěti ot... | C | 1 | |
| 12. | Vyberte nepravdivé tvrzení. | B | 1 | |
| 13. | Vyberte nepravdivé tvrzení. | A | 1 | |
| 14. | Vyberte nepravdivé tvrzení. | D | 1 | |
| 15. | Vyberte nepravdivé tvrzení. | B | 1 |